Wielki Quiz wiedzy o grach #1 - Statystyki

Ogólne statystyki
  • Ten quiz został rozwiązany 869 razy
  • Średni wynik to 18 z 40
Statystyki odpowiedzi
Hint Odpowiedź % Poprawnych
Jeden z największych klasyków o wąsatym hydrauliku podróżującym po świecie w celu uratowania porwanej księżniczki Mario
97%
Kontrowerysjna seria gier sandobxowych wydawana przez Rockstar od 1997 roku, która odniosła ogromny sukces sprzedażowy. Tommy Vercetti czy Carl Johnson to najbardziej znani jej bohaterowie Grand Theft Auto
72%
Seria gier od CD Projektu o Geralcie na czele. Must know :) Wiedźmin
71%
Seria gier akcji z otwartym światem wydawana przez Ubisoft wydawana od 2007 roku, skupiająca się głównie na zmagania między templariuszami a zabójcami Assassin's Creed
70%
Pierwsza gra od studia Telltale Games silnie bazująca na serialu o tym samym tytule, rozgrywana w realiach świata opanowanego przez zombie The Walking Dead
69%
Jedna z najpopularniejszych serii gier wyścigowych od Electronic Arts wydawana od 1994 roku, w których Underground i Most Wanted są najbardziej rozpoznawalne Need for speed
67%
Najbardziej rozpoznawalna gra typu MOBA obok DOTA 2 League of legends
64%
Jedna z najpopularniejszych gier imprezowych, której bohaterami są drużyny robaków, które w turowym systemie próbują wyeliminować przeciwników Worms
64%
Seria gier, w której wcielamy się w płatnego zabójcę. Agent 47 powinien powiedzieć Ci wszystko (albo Ty Jemu) :) Hitman
63%
FPS od Valve z Gordonem Freemanem na czele. Potrzeba dodawać coś jeszcze? :) Half Life
62%
Najbardziej znana seria gier osadzonych w świecie postapokaliptycznym wydawana od 1997 roku. Jej najnowsza część odbiła się szerokim negatywnym odbiorem wśród graczy Fallout
61%
Konsolowy hack'n'slash z Kratosem w roli głównej God of war
61%
Jedna z najpopularniejszych serii pierwszoosobowych shooterów wojennych, która miała rywalizować z serią Medal of Honor Call of duty
59%
Gra logiczna od Valve, w której "ciastko jest kłamstwem" a główną anatagonistką jest maszyna o nazwie Glados Portal
57%
Seria gier RPG wydawanych przez Bethesdę. Te najbardziej rozpoznawalne to Oblivion, Skyrim czy Morrowind The elder scrolls
57%
Karcianka wydawana przez Blizzard, której premiera miała miejsce w 2014 roku Hearthstone
56%
Seria przygodowych, konsolowych gier akcji z widokiem z trzeciej osoby,w której główne skrzypce gra Nathan Drake Uncharted
56%
Gra silnie inspierowana filmem "Efekt Motyla". Pokierujemy losami 18-letniej Max Caufield, która odkrywa, iż posiada moc manipulowania czasem Life is strange
52%
Seria fabularnych gier akcji stworzonych przez studio Piranha Bytes, ciesząca się dużym zainteresowaniem w naszym kraju Gothic
49%
Fabularna space-opera stworzona przez Bioware. Kierując losami Jacka Shepharda będziemy ratować galaktykę przed inwazją obcych ras Mass Effect
49%
Seria bijatyk konsolowych przez Namco od 1994 roku. W 2017 roku pojawiła się część siódma Tekken
49%
Seria japońskich survival horrorów wydawanych przez Capcom od 1996 roku. Umbrella, Racoon City - bardziej nie naprowadzę :) Resident Evil
46%
Seria gier FPS osadzonych w świecie po wybuchu elektrowni nuklearnej. Przemierzamy w nich tzw. Zonę Stalker
43%
Seria sandboxowych gier wydawana przez Volition i THQ, która miała przypominać serię GTA Saints Row
38%
Jedna z najpopularniejszych gier hack'n'slash wydana w 2000 roku z Panem Grozy jako głównym anatagonistą Diablo
36%
Trzecioosobowy shooter stworzony przez Remedy wydany w 2001 roku. Bohaterem jest policjant, który szuka zemsty za zabójstwo rodziny. No i możliwość włączania slow-mo w trakcie strzelanin Max Payne
36%
Seria FPSów stworzona przez ID Software, która do tej pory uznawana jest za pioniera gier FPS Doom
33%
Jedna z najpopularniejszych serii gier turowych wydana w 1999 roku, ktorej akcja odbywa się na kontynencie Antagarich. Trzecia część uznawana jest za kultową Heroes of might and magic
33%
Seria futurystycznych FPSów, w których główną rolę odgrywa Master Chief Halo
32%
Seria pierwszoosobowych skradanek, w których pokierujemy losem niejakiego Garreta Thief
30%
Seria platformówek wydawana przez Ubisoft wydawana od 1995 roku dziejąca się w świecie o nazwie "Rozdroże Marzeń" Rayman
28%
FPS, w którym dwie pierwsze części rozgrywają się w podwodnym mieście Rapture Bioshock
27%
Seria survival horrorów wydawanych przez EA od 2008 roku. Pokierujemy w nim losami Isaaca Clarka w walce z nekromorfami Dead Space
24%
Jedna z najpopularniejszych serii survival horrorów od Konami, w których prym wiedzie część druga Silent Hill
24%
Seria gier FPS osadzona w klimatach steampunku/cyberpunku. W najnowszej z nich kierujemy losami Adama Jensena Deus Ex
22%
Seria gier dark fantasy wydawana przez Bioware, dziejąca się na kontynencie Thedas Dragon Age
22%
Gra akcji wydana w 1988 roku na konsolę NES, w której walczymy z terrorystami i kosmitami. Klasyk dla każdego, kto chociaż raz położył łapska na Pegazusie :) Contra
21%
Komputerowy platformer wydany w 1997 roku, której bohaterem jest kot, który próbuje odkryć tajemnicę tzw. Amuletu Dziewięciu Istnień (prosze podać polski tytuł) Kapitan Pazur
12%
Tytuł uznawany za protoplastę horrorów wydany w 1992 roku. Pokierujemy w nim losami detektywa Edwarda Carnbyego Alone in the dark
10%
Platformer od Double Fine, w której kierujemy Razputinem (Razem). Neonowa corrida, Whispering Rock, level niczym Godzilla - jeśli nie wiesz co to, to masz do nadrobienia jednego z najlepszych platformerów ever!!!! Psychonauts
4%
Nie znaleziono quizów pasujących do podanych kryteriów
Rozkład punktacji
Procent ludzi z każdym wynikiem
Percentyl według liczby udzielonych odpowiedzi
Twoja historia wyników
Nie rozwiązałeś tego quizu